000 00719nam a2200205 i 4500
001 70409
003 ES-MaACL
005 20230906170818.0
007 t|
008 040723s1975 sp |||| | spa d
100 1 _aGarcía Sarriá, Francisco.
_955284
245 1 0 _aClarín o la herejía amorosa /
_cFrancisco García Sarriá.
260 _aMadrid :
_bGredos,
_c[1975]
300 _a301 p. ;
_c21 cm.
490 1 _aBiblioteca románica hispánica. VI. Antología hispánica ;
_v231
600 1 4 _aAlas, Leopoldo,
_d1852-1901-
_xCrítica e interpretación
_919157
830 0 _aBiblioteca románica hispánica. VI. Antología hispánica ;
_v231
_9180838
852 _aES-MaACL
_jE-9063
999 _c70409
_d70409